000 01418nam a22003977a 4500
001 2617775
003 OSt
005 20210426063514.0
008 981019s1999 ctuab 001 0aeng
010 _a 98048691
020 _a0300078188 (cloth : alk. paper)
040 _aDLC
_cDLC
_dDLC
_beng
041 _aeng
043 _au-at---
050 0 0 _aQH31.L79
_bA3 1999
080 _a577.4
_bL-95
082 0 0 _a577.34/092
_aB
_221
100 1 _aLowman, Margaret.
245 1 0 _aLife in the treetops :
_badventures of a woman in field biology /
_c/ by: Yale University Press
260 _aNew Haven, CT
_bYale University Press
_c1999.
300 _axvi, 219 p.
_bill., maps
_c22 cm.
500 _aMap of canopy sites on end papers.
500 _aIncludes index.
600 1 0 _aLowman, Margaret.
650 0 _aEcologists
_zAustralia
_vBiography.
650 0 _aEcology
_9690
650 0 _aWomen ecologists
_zAustralia
_vBiography.
650 0 _aRain forest ecology.
650 0 _aForest canopy ecology.
653 _aეკოლოგია
856 4 _3Table of Contents
_uhttp://lcweb.loc.gov/catdir/toc/98048691.html
906 _a7
_bcbc
_corignew
_d1
_eocip
_f19
_gy-gencatlg
942 _2udc
_cBK
999 _c1473
_d1473